| 000 | 00714nam a2200109Ia 4500 | ||
|---|---|---|---|
| 008 | 220615s9999||||xx |||||||||||||| ||und|| | ||
| 245 | 4 | _aThe Palgrave Handbook of Twentieth and Twenty-First Century Literature and Science | |
| 546 | _aEnglish[eng] | ||
| 650 | _ahealth; medicine; environmental science; energy science; animal studies; genetics; genomics; neuro-cognition; technology; biotechnology; computational science | ||
| 700 | _aAhuja, Neel||Allewaert, Monique||Andrews, Lindsey||Canavan, Gerry||Evans, Rebecca||Farooq, Nihad M.||Fretwell, Erica||Gaskill, Nicholas||Jagoda, Patrick||Lamb, Erin Gentry||Rhee, Jennifer||Rusert, Britt||Taylor, Matthew||Vadde, Aarthi||Wald, Priscilla||Walsh, Rebecca | ||
| 942 | _cEB | ||
| 999 |
_c18085 _d18085 |
||